Alfred Hitchcock's movies - Sudden death - Statistics

General Stats
  • This quiz has been taken 142 times
  • The average score is 8 of 17
Answers on the Grid
Answers color-coded by a green-red scale on the quiz's grid according to % correct below.
The Texas Chainsaw Massacre
Psycho
Vertigo
Charade
Peeping Tom
Shadow of a Doubt
The Lady Vanishes
The Night of the Hunter
The Girl Who Knew Too Much
Foreign Correspondent
Sabotage
Rope
Breakfast at Tiffany's
Saboteur
Laura
In a Lonely Place
Pyscho II
North by Northwest
The Paradine Case
Dressed to Kill
The Killers
Frenzy
Bonnie and Clyde
Badlands
Blue Velvet
Scarlet Street
The Birds
Citizen Kane
Casablanca
Lifeboat
The Blue Dahlia
The Honeymoon Killers
In Cold Blood
Where the Sidewalk Ends
The Maltese Falcon
Cape Fear
Notorious
Arsenic and Old Lace
Body Double
The Trouble with Harry
I Confess
Wild at Heart
Dial M for Murder
Nosferatu
 
Answer Stats
Answer % Correct
Psycho
94%
Vertigo
91%
The Birds
67%
Rope
66%
North by Northwest
61%
Dial M for Murder
60%
Notorious
50%
The Lady Vanishes
43%
Shadow of a Doubt
39%
Frenzy
38%
Sabotage
37%
Lifeboat
36%
The Trouble with Harry
30%
I Confess
29%
Foreign Correspondent
28%
Saboteur
27%
The Paradine Case
23%
No matching quizzes found
Score Distribution
Percent of People with Each Score
Percentile by Number Answered
Your Score History
You have not taken this quiz